000 00180 a2200097 4500
020 _a071162007992
041 _aeng
100 _aFollet, Ken
245 _aCode to zero
942 _cBK
999 _c30043
_d30041